Minecraft - Guess the Entities by Picture - Statistics

General Stats
  • This quiz has been taken 60 times
    5 since last reset
  • The average score is 123 of 172
Answer Stats
Picture Answer % Correct
Armadillo
80%
Armor Stand
80%
Balloon
80%
Bamboo Raft
80%
Bamboo Raft with Chest
80%
Bat
80%
Bee
80%
Blaze
80%
Blue Egg
80%
Bogged
80%
Breeze
80%
Brown Egg
80%
Camel
80%
Camel Husk
80%
Cave Spider
80%
Cherry Boat
80%
Cherry Boat with Chest
80%
Chicken
80%
Cod
80%
Copper Golem
80%
Cow
80%
Dark Oak Boat
80%
Dark Oak Boat with Chest
80%
Donkey
80%
Drowned
80%
Egg
80%
Elder Guardian
80%
End Crystal
80%
Enderman
80%
Endermite
80%
Ender Pearl
80%
Evoker
80%
Eye of Ender
80%
Falling Anvil
80%
Falling Concrete Powder
80%
Falling Pointed Dripstone
80%
Falling Red Sand
80%
Falling Sand
80%
Falling Scaffolding
80%
Falling Snow
80%
Falling Suspicious Sand
80%
Fire Charge
80%
Firework Rocket
80%
Fox
80%
Ghast
80%
Giant
80%
Guardian
80%
Happy Ghast
80%
Hoglin
80%
Horse
80%
Illusioner
80%
Iron Golem
80%
Jungle Boat
80%
Jungle Boat with Chest
80%
Llama
80%
Llama Spit
80%
Magma Cube
80%
Mangrove Boat
80%
Minecart
80%
Minecart with Chest
80%
Minecart with Command Block
80%
Minecart with Furnace
80%
Minecart with Hopper
80%
Minecart with Monster Spawner
80%
Minecart with TNT
80%
Mooshroom
80%
Mule
80%
Nautilus
80%
Oak Boat
80%
Oak Boat with Chest
80%
Painting
80%
Pale Oak Boat
80%
Pale Oak Boat with Chest
80%
Parrot
80%
Phantom
80%
Piglin
80%
Piglin Brute
80%
Primed TNT
80%
Pufferfish
80%
Rabbit
80%
Salmon
80%
Silverfish
80%
Skeleton
80%
Skeleton Horse
80%
Slime
80%
Sniffer
80%
Snowball
80%
Snow Golem
80%
Spider
80%
Stray
80%
The Killer Bunny
80%
Trader Llama
80%
Trident
80%
Tropical Fish
80%
Turtle
80%
Villager
80%
Vindicator
80%
Wandering Trader
80%
Warden
80%
Wither
80%
Wither Skeleton
80%
Wither Skull
80%
Zombie
80%
Zombie Horse
80%
Zombie Nautilus
80%
Zombie Villager
80%
Zombified Piglin
80%
Acacia Boat
60%
Acacia Boat with Chest
60%
Allay
60%
Arrow
60%
Axolotl
60%
Birch Boat
60%
Birch Boat with Chest
60%
Block Display
60%
Bottle o' Enchanting
60%
Camera
60%
Cat
60%
Creaking
60%
Creeper
60%
Dolphin
60%
Dragon Fireball
60%
Ender Dragon
60%
Experience Orb
60%
Falling Block
60%
Falling Dragon Egg
60%
Falling Gravel
60%
Falling Suspicious Gravel
60%
Fishing Bobber
60%
Frog
60%
Glow Item Frame
60%
Glow Squid
60%
Goat
60%
Husk
60%
Item
60%
Item Frame
60%
Leash Knot
60%
Lightning Bolt
60%
Lingering Potion
60%
Mangrove Boat with Chest
60%
Mannequin
60%
Ocelot
60%
Panda
60%
Pig
60%
Pillager
60%
Player
60%
Polar Bear
60%
Primed Underwater TNT
60%
Ravager
60%
Sheep
60%
Shulker
60%
Shulker Bullet
60%
Spectral Arrow
60%
Splash Potion
60%
Spruce Boat
60%
Spruce Boat with Chest
60%
Squid
60%
Strider
60%
Tadpole
60%
Tipped Arrow
60%
Vex
60%
Wind Charge
60%
Witch
60%
Wolf
60%
Zoglin
60%
Agent
40%
Area Effected Cloud
40%
Evoker Fangs
40%
Ice Bomb
40%
NPC
40%
Parched
40%
Small Fire Charge
40%
No matching quizzes found
Score Distribution
Percent of People with Each Score
Percentile by Number Answered
Your Score History
You have not taken this quiz since the last reset